Caillou : (Record no. 7545)

MARC details
000 -LEADER
fixed length control field 00958nam a22003017a 4500
001 - CONTROL NUMBER
control field 7545
003 - CONTROL NUMBER IDENTIFIER
control field FISKH
005 - DATE AND TIME OF LATEST TRANSACTION
control field 20250723153604.0
008 - FIXED-LENGTH DATA ELEMENTS--GENERAL INFORMATION
fixed length control field 250723b cb ||||| |||| 00| 0 eng d
020 ## - INTERNATIONAL STANDARD BOOK NUMBER
International Standard Book Number 9782894502358
040 ## - CATALOGING SOURCE
Original cataloging agency FISKH
Language of cataloging eng
Transcribing agency FISKH
Modifying agency FISKH
050 ## - LIBRARY OF CONGRESS CALL NUMBER
Classification number PZ7
082 ## - DEWEY DECIMAL CLASSIFICATION NUMBER
Classification number 155.4
100 ## - MAIN ENTRY--PERSONAL NAME
Personal name Nadeau, Nicole
245 ## - TITLE STATEMENT
Title Caillou :
Remainder of title The babysitter /
Statement of responsibility, etc. Text : Nicole Nadeau ; Illustrations : Claude Lapierre
250 ## - EDITION STATEMENT
Edition statement This edition first published in 2001
260 ## - PUBLICATION, DISTRIBUTION, ETC.
Place of publication, distribution, etc. Canada :
Name of publisher, distributor, etc. Chouette,
Date of publication, distribution, etc. 1956
300 ## - PHYSICAL DESCRIPTION
Extent 22 unnumbered pages :
Other physical details color illustrations ;
Dimensions 21 cm
505 ## - FORMATTED CONTENTS NOTE
Formatted contents note G<br/>
520 ## - SUMMARY, ETC.
Summary, etc. Caillou feels abandoned when his parents go out without him, but his babysitter Lisa helps him to overcome it.<br/>
521 8# - TARGET AUDIENCE NOTE
Target audience note 370<br/>
Source Lexile<br/>
521 8# - TARGET AUDIENCE NOTE
Target audience note G<br/>
Source Raz-Plus<br/>
650 ## - SUBJECT ADDED ENTRY--TOPICAL TERM
Source of heading or term Babysitter
Topical term or geographic name entry element Caillou
650 ## - SUBJECT ADDED ENTRY--TOPICAL TERM
Source of heading or term Fiction
Topical term or geographic name entry element Level 10
700 ## - ADDED ENTRY--PERSONAL NAME
Personal name Lapierre, Claude
Dates associated with a name illustrator
942 ## - ADDED ENTRY ELEMENTS (KOHA)
Source of classification or shelving scheme Dewey Decimal Classification
Koha item type Books
Suppress in OPAC No
Holdings
Withdrawn status Lost status Source of classification or shelving scheme Damaged status Not for loan Collection Home library Current library Shelving location Date acquired Total Checkouts Full call number Barcode Date last seen Copy number Price effective from Koha item type
    Dewey Decimal Classification     Juvenile Fiction Footprints International School Library Network Toul Tom Poung Campus Footprints International School Library Network Toul Tom Poung Campus TTP Primary Green Bookshelves 07/23/2025   NAD 155.4 PZ7 2025-2792 07/23/2025 1 07/23/2025 Books